000 00632nam a2200229 a 4500
001 56810
003 BD-RjUL
005 20211209080433.0
008 161204s1952 enka 000 0 eng
035 _a(BD-RjUL)56934
035 _a(OCoLC)3688382
040 _aDLC
_cGU
_dUk
_dBD-RjUL
_beng
041 _aeng
082 _223
_a297.4
_bEDB 1952
100 1 _a Ed-Dīn, Abū Bakr Sirāj
_9168930
245 1 4 _aThe book of certainty /
_cby Abū Bakr Sirāj Ed-Dīn
260 _aLondon :
_bRider and company,
_c1952.
300 _a108 p.
_bill. ;
_c19 cm.
650 0 _aSufism.
_9168931
942 _2ddc
_cBK
999 _c56810
_d56810